| 000 | 00839nas a2200241 i 4500 | ||
|---|---|---|---|
| 003 | DO-SdBNP | ||
| 005 | 20260317143727.0 | ||
| 007 | ta | ||
| 008 | 260317e1972 dr un|p|r||||||0| | spa d | ||
| 040 |
_aDO-SdBNP _bspa _cBNPHU _erda |
||
| 041 | _aspa | ||
| 245 |
_aMomento : _brevista dominicana de interés general. |
||
| 264 |
_aSanto Domingo, República Dominicana _bEditora de Horizontes de América, _c1972. |
||
| 300 |
_avolumen : _bilustraciones, fotografías ; _c32 cm. |
||
| 310 | _aDesconocida. | ||
| 336 |
_atexto _btxt _2rdacontent |
||
| 337 |
_asin mediación _bn _2rdamedia |
||
| 338 |
_avolumen _bnc _2rdacarrier |
||
| 362 | _aNúmero 1. 1972. | ||
| 500 | _aCatalogación basada en el: Número 1. 1972. | ||
| 650 | 0 |
_aArtículos de prensa _977339 _vPublicaciones periódicas _zRepública Dominicana |
|
| 942 |
_2ddc _cISSUE |
||
| 999 |
_c60509 _d60509 |
||